00362nam a22001217a 4500008004100000040005500041080001500096245002200111260005400133650001500187653001100202700002700213230612b |||||||| |||| 00| 0 eng d aNational Science LibrarycNational Science Library aR 912 bM2 aBritannica atlas  aChicago: bEncyclopaedia Britannica, Inc., c1982 aGeography  aAtlas  aSutley, Frank J (Ed.)